Robert Hugh Benson (Registro nro. 86104)

Detalles MARC
000 -ENCABEZADO
Número de control [NR] 00801nam a22002297a 4500
008 - DE LONGITUD FIJA DE DATOS DE ELEMENTOS - INFORMACIÓN GENERAL
Elementos de longitud fija [NR] 130821s1928 fr gr dfre
040 ## - FUENTE DE CATALOGACION [NR]
Agencia de catalogación original [NR] Co-BoUCM
Idioma de catalogación [NR] spa
041 00 - CODIGO DE IDIOMA [R]
Código de idioma para texto/pista de sonido o título separado [R] Francés
100 ## - ASIENTO PRINCIPAL--NOMBRE PERSONAL [NR]
Nombre personal [NR] Gorce, Agnes de La
ID Autoridad 149770
245 00 - MENCION DE TITULO [NR]
Título [NR] Robert Hugh Benson
Parte restante del título [NR] Prtre et romancier, 1871 - 1914
Mención de responsabilidad, etc. [NR] Agnès de la Gorce
250 ## - MENCION DE EDICION [NR]
Mención de edición [NR] 7a. ed.
260 ## - PUBLICACION, DISTRIBUCION, ETC. (PIE DE IMPRENTA) [R]
Lugar de publicación, distribución, etc. [R] París (Francia)
Nombre del editor, distribuidor, etc. [R] Librairie Plon Nourrit
Fecha de publicación, distribución, etc. [R] 1928
300 ## - DESCRIPCION FISICA [R]
Extensión [R] 301 páginas
500 ## - NOTA GENERAL [R]
Nota general [NR] Notas al pie del texto. -- Incluye índice
600 ## - ASIENTO SECUNDARIO DE MATERIA - NOMBRE PERSONAL [R]
Nombre personal [NR] Benson, Robert Hugh
Fechas asociadas con el nombre [NR] 1871-1914
9 (RLIN) 72673
600 ## - ASIENTO SECUNDARIO DE MATERIA - NOMBRE PERSONAL [R]
Nombre personal [NR] Benson, Robert Hugh
Fechas asociadas con el nombre [NR] 1871-1914
Subdivisión de forma [R] Biografías
9 (RLIN) 149771
650 04 - ASIENTO SECUNDARIO DE MATERIA - TERMINO TEMATICO [R]
Término temático o nombre geográfico como elemento de entrada [NR] Biografías
9 (RLIN) 7343
650 04 - ASIENTO SECUNDARIO DE MATERIA - TERMINO TEMATICO [R]
Término temático o nombre geográfico como elemento de entrada [NR] Clero en la literatura
9 (RLIN) 11025
650 04 - ASIENTO SECUNDARIO DE MATERIA - TERMINO TEMATICO [R]
Término temático o nombre geográfico como elemento de entrada [NR] Clero
9 (RLIN) 11023
942 ## - ELEMENTOS DE ENTRADA AGREGADOS (KOHA)
Tipo de ítem principal el descrito en 300a Libro
Tema principal Biografías
Edición 7
Parte restante de la signatura top. G36
Título oculto en OPAC No
Sistema de clasificación DEWEY
Clasificación 922
Existencias
Signatura topográfica Código de barras Última vez visto Volúmen / Fascículo Ejemplar Price effective from Tipo de ítem Perdido Sistema de clasificación Dañado No prestable Tipo de ítem específico Suprimido Ubicación habitual Ubicación actual Localización Fecha de creación Forma de adquisición Costo
FCS 922 G36 120001593 10/07/2012 7A.ED. Ej.1 03/02/2013 Libro   DEWEY     Fondos especiales     Archivo Histórico Archivo histórico 28/02/2003 Donación 1000.00